| 000 | 00893nam a2200229Ia 4500 | ||
|---|---|---|---|
| 001 | 13318 | ||
| 003 | GE_BSU | ||
| 008 | 181216s||||||||xx |||||||||||||| ||und|| | ||
| 040 | _cGE_BSU | ||
| 080 | _a57 | ||
| 100 | _aТимирязев,К.А. | ||
| 245 | _aИзбранные сочинения в четырех томах. Т.2 | ||
| 245 | _bЗемледелие и физиология растении:Сборник общедоступных лекции | ||
| 245 | _cРед.колл.В.Л.Комаров,Т.Д.Лысенко,А.К.Тимирязев | ||
| 260 | _aМосква | ||
| 260 | _bОгиз-сельхозгиз | ||
| 260 | _c1948 | ||
| 300 | _a424стр.илл.22см. | ||
| 653 | _aЗемледелие и физиология растении:Сборник общедоступных лекции | ||
| 653 | _aИзбранные сочинения | ||
| 942 | _cBK | ||
| 999 |
_c46479 _d46479 |
||